Selecting the right procurement strategy for you and your project (Record no. 113058)

MARC details
000 -LEADER
fixed length control field 00931cad a22002295a 4500
001 - CONTROL NUMBER
control field L154601
008 - FIXED-LENGTH DATA ELEMENTS--GENERAL INFORMATION
fixed length control field 120105s2011 xxkqr p 0 a0eng u
035 ## - SYSTEM CONTROL NUMBER
System control number (Sirsi) u154601
041 0# - LANGUAGE CODE
Language code of text/sound track or separate title eng
100 1# - MAIN ENTRY--PERSONAL NAME
Personal name Rowan, Vincent
245 00 - TITLE STATEMENT
Title Selecting the right procurement strategy for you and your project
Medium [electronic resource]
260 ## - PUBLICATION, DISTRIBUTION, ETC.
Place of publication, distribution, etc. [S.l.]
Name of publisher, distributor, etc. Reed Smith
Date of publication, distribution, etc. 2011
520 ## - SUMMARY, ETC.
Summary, etc. Examines procurement strategies for large-scale construction projects; the Design and Build and the Engineer, Procure, Construct (EPC) models in the European Union.
590 ## - LOCAL NOTE (RLIN)
Local note KA NTK
651 #4 - SUBJECT ADDED ENTRY--GEOGRAPHIC NAME
Geographic name Europe
690 ## - LOCAL SUBJECT ADDED ENTRY--TOPICAL TERM (OCLC, RLIN)
Topical term or geographic name as entry element Procurement
9 (RLIN) 6260
690 ## - LOCAL SUBJECT ADDED ENTRY--TOPICAL TERM (OCLC, RLIN)
Topical term or geographic name as entry element Project management
9 (RLIN) 6261
700 1# - ADDED ENTRY--PERSONAL NAME
Personal name Davy, Lynne
710 1# - ADDED ENTRY--CORPORATE NAME
Corporate name or jurisdiction name as entry element Reed Smith
856 40 - ELECTRONIC LOCATION AND ACCESS
Uniform Resource Identifier <a href="https://www.mondaq.com/x/155808/Contracts+Deeds/Selecting+The+Right+Procurement+Strategy+For+You+And+Your+Project&email_access=on">https://www.mondaq.com/x/155808/Contracts+Deeds/Selecting+The+Right+Procurement+Strategy+For+You+And+Your+Project&email_access=on</a>
Public note View the article free of charge at www.mondaq.com
942 ## - ADDED ENTRY ELEMENTS (KOHA)
Suppress in OPAC 0
Holdings
Withdrawn status Lost status Source of classification or shelving scheme Damaged status Not for loan Home library Current library Shelving location Date acquired Total Checkouts Full call number Barcode Date last seen Copy number Price effective from Koha item type
    Dewey Decimal Classification     Virtual Virtual Online 05/01/2012   ONLINE PUBLICATION 154601-2001 06/08/2019 1 06/08/2019 Book